| 000 | 00486nam a22001937a 4500 | ||
|---|---|---|---|
| 003 | LK-CoMWRAF | ||
| 005 | 20231113143828.0 | ||
| 008 | 230928b1985 |||||||| |||| 00| 0 eng d | ||
| 020 | _a085950512X | ||
| 040 |
_aLK-CoMWRAF _dLK-CoMWRAF _eLK-CoMWRAF |
||
| 041 | _aeng | ||
| 082 |
_a540 _bRAM |
||
| 100 | _aRamsden, E.N. | ||
| 245 | _aA-Level Chemistry | ||
| 260 |
_aCheltanham: _bStanley Thomas, _c1985 |
||
| 300 |
_axiv. 770 p. _bIndex included |
||
| 650 | _aCHEMISTRY | ||
| 942 | _cBK | ||
| 999 |
_c3719 _d3719 |
||